000 00290nam a22001217a 4500
082 _a621.38 ACH
100 _aSCHWARTS,MISCHA
_965517
245 _aINFORMATION TRANSMISSION,MODULATION,AND NOISE
250 _a2ND
260 _aNEW DELHI
_bMCGRAW HILL
_c1970
300 _a672P
942 _cBK
999 _c573700
_d573700